[Event "Campobasso op 18th"]
[Site "Campobasso "]
[Date "2011.07.24"]
[Round "5"]
[White "Rossetti, Giovanni"]
[Black "Vespe, Francesco"]
[Result "1-0"]
[WhiteElo "1891"]
[BlackElo "2012"]
[PlyCount "121"]
[EventDate "2011.08.06"]
[EventType "swiss"]
[EventRounds "6"]
[EventCountry "ITA"]
[SourceTitle "EXT 2014"]
[Source "ChessBase"]
[SourceDate "2013.11.20"]
[SourceVersion "1"]
[SourceVersionDate "2013.11.20"]
[SourceQuality "1"]

1. Nf3 d5 2. g3 c5 3. Bg2 Nc6 4. 0-0 e5 5. d3 Nf6 6. Nbd2 Be7 7. Re1 Qc7 8. e4 d4 9. Nf1 Bg4 10. h3 Bh5 11. g4 Bg6 12. Ng3 Nd8 13. Nf5 Bf8 14. c3 Ne6 15. cxd4 cxd4 16. Bd2 Nd7 17. b4 f6 18. Rc1 Qb6 19. Qa4 a6 20. Qc2 Bf7 21. Rb1 g6 22. Ng3 Bd6 23. Bh6 Ke7 24. Rec1 Rhc8 25. Qxc8 Rxc8 26. Rxc8 Nd8 27. a3 Be6 28. Rbc1 a5 29. Bd2 axb4 30. axb4 Nb8 31. R8c2 Bxb4 32. Rb1 Na6 33. g5 Nc6 34. gxf6+ Kxf6 35. Rcb2 Qc5 36. Bg5+ Kg7 37. Rc1 Qd6 38. Bd2 Bxd2 39. Rxb7+ Kg8 40. Nxd2 Nab4 41. Ra1 Qd8 42. Bf1 Qc8 43. Rb5 Kg7 44. Nf3 Bxh3 45. Bxh3 Qxh3 46. Nxe5 Nxe5 47. Rxe5 Nxd3 48. Re7+ Kh6 49. Raa7 Qg4 50. Rxh7+ Kg5 51. Ra5+ Kf6 52. Ra6+ Kg5 53. Ra5+ Kf6 54. e5+ Nxe5 55. Ra6+ Kg5 56. Ra5 Qd1+ 57. Nf1 Qe1 58. Rd5 Kf6 59. Rd6+ Kf5 60. Rd5 d3 61. Re7 1-0

[Event "Campobasso op 18th"]
[Site "Campobasso "]
[Date "2011.07.22"]
[Round "1"]
[White "Vespe, Francesco"]
[Black "Lazarev, Vladimir"]
[Result "0-1"]
[WhiteElo "2012"]
[BlackElo "2445"]
[PlyCount "108"]
[EventDate "2011.08.06"]
[EventType "swiss"]
[EventRounds "6"]
[EventCountry "ITA"]
[SourceTitle "EXT 2014"]
[Source "ChessBase"]
[SourceDate "2013.11.20"]
[SourceVersion "1"]
[SourceVersionDate "2013.11.20"]
[SourceQuality "1"]

1. d4 Nf6 2. c4 e6 3. Nc3 Bb4 4. Qc2 d6 5. Nf3 Nbd7 6. Bd2 b6 7. g3 Bb7 8. Bg2 0-0 9. 0-0 a5 10. b3 Re8 11. a3 Bxc3 12. Bxc3 Be4 13. Qb2 c5 14. Rfd1 Qc7 15. Rac1 a4 16. b4 cxb4 17. Bxb4 Rec8 18. Ne1 Bxg2 19. Nxg2 Qb8 20. Ne3 Qc7 21. Qd2 Ne8 22. Ng4 Qb7 23. Qf4 b5 24. c5 d5 25. Qg5 Nb8 26. Qe3 Ra6 27. Ne5 f6 28. Nd3 Qd7 29. c6 Raxc6 30. Nc5 Qf7 31. Qd3 Nd6 32. Rb1 Nc4 33. Be1 Rb6 34. Rb4 Nc6 35. Rbb1 Rcb8 36. Bb4 Nxb4 37. Rxb4 Qe7 38. Rdb1 e5 39. e3 e4 40. Qc3 f5 41. Qc1 g5 42. h3 h6 43. Qd1 Nxa3 44. Nxa4 Nxb1 45. Nxb6 Qxb4 46. Nd7 Rc8 47. Qh5 Qd6 48. Ne5 Qe6 49. Ng6 Kg7 50. Ne5 Nd2 51. Qe2 Nc4 52. g4 fxg4 53. Nxg4 Ra8 54. Kg2 Qf5 0-1

[Event "Amantea op-A 8th"]
[Site "Amantea"]
[Date "2010.09.05"]
[Round "9"]
[White "Rotelli, Pietro"]
[Black "Vespe, Francesco"]
[Result "0-1"]
[WhiteElo "1959"]
[BlackElo "1996"]
[PlyCount "84"]
[EventDate "2010.08.29"]
[EventType "swiss"]
[EventRounds "9"]
[EventCountry "ITA"]
[SourceTitle "CBM 138 Extra"]
[Source "ChessBase"]
[SourceDate "2010.10.29"]
[SourceVersion "1"]
[SourceVersionDate "2010.10.29"]
[SourceQuality "1"]

1. d4 Nf6 2. c4 e6 3. Nf3 b6 4. Nc3 Bb7 5. e3 Be7 6. Bd3 0-0 7. 0-0 d6 8. e4 Nbd7 9. Bd2 e5 10. d5 Nc5 11. Bc2 a5 12. Re1 Qd7 13. a3 a4 14. Be3 Nb3 15. Bxb3 axb3 16. Qxb3 Ba6 17. Nd2 Ng4 18. f3 Nxe3 19. Rxe3 Bg5 20. Re2 Qe7 21. Qa2 Bf4 22. b3 Qg5 23. Rae1 Bc8 24. Nf1 h5 25. Nb5 Qe7 26. g3 Bg5 27. a4 f5 28. exf5 Bxf5 29. f4 Bf6 30. Nd4 Bg4 31. Nc6 Qd7 32. Rf2 exf4 33. Rxf4 Rfe8 34. Qf2 Bg5 35. Rfe4 Rxe4 36. Rxe4 Rf8 37. Qe1 Bh3 38. Ne7+ Bxe7 39. Ne3 Bg5 40. Ng2 Qf5 41. Nf4 Bxf4 42. Rxf4 Qc2 0-1

[Event "Amantea op-A 8th"]
[Site "Amantea"]
[Date "2010.09.02"]
[Round "5"]
[White "Vespe, Francesco"]
[Black "Llaneza Vega, Patricia"]
[Result "0-1"]
[WhiteElo "1996"]
[BlackElo "2289"]
[PlyCount "54"]
[EventDate "2010.08.29"]
[EventType "swiss"]
[EventRounds "9"]
[EventCountry "ITA"]
[SourceTitle "CBM 138 Extra"]
[Source "ChessBase"]
[SourceDate "2010.10.29"]
[SourceVersion "1"]
[SourceVersionDate "2010.10.29"]
[SourceQuality "1"]

1. d4 Nf6 2. c4 g6 3. Nc3 Bg7 4. e4 d6 5. Nf3 0-0 6. Be2 e5 7. d5 a5 8. Bg5 h6 9. Bh4 Na6 10. Nd2 Qe8 11. a3 Bd7 12. b3 Nh7 13. Rb1 f5 14. f3 Nc5 15. Qc2 Nf6 16. b4 axb4 17. axb4 Na4 18. Nb5 Bxb5 19. cxb5 Nh5 20. 0-0 Nf4 21. Bd3 Qd7 22. Rfc1 Kh8 23. Bf1 fxe4 24. fxe4 Qg4 25. Nf3 Nh3+ 26. Kh1 Rxf3 27. gxf3 Qg1# 0-1

[Event "Amantea op-A 8th"]
[Site "Amantea"]
[Date "2010.08.29"]
[Round "1"]
[White "Vespe, Francesco"]
[Black "Mladenov, Plamen"]
[Result "0-1"]
[WhiteElo "1996"]
[BlackElo "2363"]
[PlyCount "146"]
[EventDate "2010.08.29"]
[EventType "swiss"]
[EventRounds "9"]
[EventCountry "ITA"]
[SourceTitle "CBM 138 Extra"]
[Source "ChessBase"]
[SourceDate "2010.10.29"]
[SourceVersion "1"]
[SourceVersionDate "2010.10.29"]
[SourceQuality "1"]

1. d4 Nf6 2. c4 g6 3. Nc3 d5 4. cxd5 Nxd5 5. e4 Nxc3 6. bxc3 Bg7 7. Bc4 c5 8. Be3 Nc6 9. Ne2 0-0 10. 0-0 Bg4 11. f3 Na5 12. Bd3 cxd4 13. cxd4 Be6 14. d5 Bxa1 15. Qxa1 f6 16. Qd4 Bd7 17. e5 e6 18. Nf4 Re8 19. Bd2 b6 20. Bxa5 bxa5 21. dxe6 fxe5 22. Qxe5 Rc8 23. Be4 Qb6+ 24. Kh1 Qb5 25. Qa1 Bxe6 26. Nxe6 Rxe6 27. Rd1 Re5 28. Qd4 Qc5 29. Qd2 Re7 30. Bd5+ Kg7 31. h4 Qb4 32. Qg5 Re1+ 33. Rxe1 Qxe1+ 34. Kh2 h6 35. Qf4 Qe7 36. Qd4+ Kh7 37. h5 Qd6+ 38. g3 Rd8 39. hxg6+ Qxg6 40. Qxa7+ Kh8 41. Qd4+ Qg7 42. Qxg7+ Kxg7 43. Bb3 Kf6 44. Kh3 Rd4 45. f4 a4 46. Bg8 Rd8 47. Bc4 Kf5 48. Bf7 Rd2 49. Bg8 Ke4 50. Be6 Rd6 51. f5 Ke5 52. Kg4 Kf6 53. Kh5 Rd1 54. Kg4 Rh1 55. Kf4 Rh2 56. Kg4 h5+ 57. Kf4 Rb2 58. Ke4 Rb4+ 59. Kf3 Kg5 60. Kf2 Rb6 61. Kf3 Rc6 62. Ke4 Rc3 63. Ke5 Rxg3 64. Kd6 Kf6 65. Kc5 h4 66. Kb4 a3 67. Bb3 h3 68. Bd5 Kxf5 69. Ba8 h2 70. Bb7 Re3 71. Bh1 Kf4 72. Bc6 Kg3 73. Kc4 Kf2 0-1

[Event "ITA-ch sf 69th"]
[Site "Arvier"]
[Date "2009.09.30"]
[Round "5"]
[White "Vespe, Francesco"]
[Black "Pompilio, Gaetano"]
[Result "1-0"]
[WhiteElo "1976"]
[BlackElo "1927"]
[PlyCount "65"]
[EventDate "2009.09.26"]
[EventType "swiss"]
[EventRounds "9"]
[EventCountry "ITA"]
[SourceTitle "CBM 132 Extra"]
[Source "ChessBase"]
[SourceDate "2009.11.03"]
[SourceVersion "1"]
[SourceVersionDate "2009.11.03"]
[SourceQuality "1"]

1. d4 d5 2. c4 e6 3. Nc3 f5 4. Nf3 c6 5. Bg5 Be7 6. Bxe7 Qxe7 7. e3 Nd7 8. Bd3 Qf6 9. Qc2 Ne7 10. cxd5 exd5 11. 0-0 0-0 12. b4 b6 13. Rfc1 Bb7 14. a4 a5 15. Rab1 Rfc8 16. bxa5 Rxa5 17. Ne5 Nxe5 18. dxe5 Qxe5 19. Rxb6 Rc7 20. Qb3 Bc8 21. Qb4 Rca7 22. Qb3 c5 23. Nxd5 Nxd5 24. Bc4 Rxa4 25. Bxd5+ Kf8 26. g3 Ra1 27. Rxa1 Rxa1+ 28. Kg2 Bd7 29. Qc4 Qc7 30. Rb7 Qd6 31. Rxd7 Qxd7 32. Qxc5+ Qe7 33. Qc8+ 1-0

[Event "Rome d'Inverno op"]
[Site "Rome"]
[Date "2009.02.07"]
[Round "3"]
[White "Napoli, Nicolo"]
[Black "Vespe, Francesco"]
[Result "1-0"]
[WhiteElo "2313"]
[BlackElo "1994"]
[PlyCount "71"]
[EventDate "2009.02.06"]
[EventType "swiss"]
[EventRounds "5"]
[EventCountry "ITA"]
[SourceTitle "EXT 2011"]
[Source "ChessBase"]
[SourceDate "2010.11.26"]
[SourceVersion "1"]
[SourceVersionDate "2010.11.26"]
[SourceQuality "1"]

1. e4 e6 2. d4 d5 3. exd5 exd5 4. c4 c6 5. Nc3 Nf6 6. Nf3 Bd6 7. Qb3 0-0 8. c5 Re8+ 9. Be2 Bc7 10. Bg5 h6 11. Bh4 Nbd7 12. 0-0 Nf8 13. Rfe1 Ng6 14. Bg3 Bxg3 15. hxg3 Qc7 16. Bd3 Be6 17. Re2 Ne4 18. Rae1 f5 19. Nh2 Bf7 20. Re3 h5 21. Qd1 Nf8 22. Nf3 Rad8 23. Ne2 Ne6 24. b4 g5 25. Ne5 Nxd4 26. Nxf7 Nxe2+ 27. Bxe2 d4 28. Rxe4 Rxe4 29. Nxd8 Qxd8 30. Bc4+ Kg7 31. Rxe4 fxe4 32. Qxh5 Qf6 33. Qe8 Qf5 34. Qg8+ Kh6 35. Qh8+ Kg6 36. Qxd4 1-0

[Event "Sant' Anna op 10th"]
[Site "Pisignano di Vernole"]
[Date "2007.08.10"]
[Round "5"]
[White "Vespe, Francesco"]
[Black "Fontanarosa, Luca"]
[Result "0-1"]
[WhiteElo "2058"]
[BlackElo "1817"]
[PlyCount "66"]
[EventDate "2007.08.07"]
[EventType "swiss"]
[EventRounds "7"]
[EventCountry "ITA"]
[SourceTitle "EXT 2009"]
[Source "ChessBase"]
[SourceDate "2008.11.26"]
[SourceVersion "1"]
[SourceVersionDate "2008.11.26"]
[SourceQuality "1"]

1. d4 d5 2. c4 c6 3. Nf3 Nf6 4. Nc3 e6 5. Bg5 dxc4 6. e4 b5 7. e5 h6 8. Bh4 g5 9. Nxg5 hxg5 10. Bxg5 Nbd7 11. exf6 Bb7 12. Be2 Qb6 13. Bf3 0-0-0 14. Be3 c5 15. a4 Bxf3 16. Qxf3 cxd4 17. Nxb5 Ne5 18. Qa8+ Kd7 19. Qxa7+ Qxa7 20. Nxa7 Nd3+ 21. Ke2 dxe3 22. fxe3 Bc5 23. Nb5 Kc6 24. Rab1 Rhg8 25. g3 Ne5 26. Rbc1 Rd3 27. Rc3 Rgd8 28. Rhc1 Rd2+ 29. Ke1 Rxb2 30. R1c2 Rd2 31. Rxb2 Rxb2 32. Nd4+ Kd5 33. Rc2 Bxd4 0-1

[Event "Valenzano Citta di Bari op"]
[Site "Valenzano"]
[Date "2006.01.29"]
[Round "5"]
[White "Vespe, Francesco"]
[Black "Granaldi, Alessandro"]
[Result "1/2-1/2"]
[WhiteElo "2045"]
[BlackElo "1991"]
[PlyCount "65"]
[EventDate "2006.01.21"]
[EventType "swiss"]
[EventRounds "6"]
[EventCountry "ITA"]
[SourceTitle "EXT 2007"]
[Source "ChessBase"]
[SourceDate "2006.11.23"]
[SourceVersion "1"]
[SourceVersionDate "2006.11.23"]
[SourceQuality "1"]

1. d4 Nf6 2. c4 g6 3. Nc3 Bg7 4. e4 0-0 5. Be2 d6 6. h4 e5 7. d5 h5 8. Bg5 Na6 9. f3 Qe8 10. g4 hxg4 11. fxg4 Nh7 12. Be3 f5 13. Nh3 f4 14. Bf2 f3 15. Bxf3 Qf7 16. Be2 Bh6 17. 0-0 Bf4 18. Bg3 Qe7 19. Nxf4 exf4 20. Rxf4 Rxf4 21. Bxf4 Qxh4 22. Qe1 Qf6 23. Qg3 Nc5 24. e5 dxe5 25. Bxe5 Qb6 26. Bxc7 Qxb2 27. Rf1 Bd7 28. Qe3 Re8 29. Be5 Na4 30. Nxa4 Rxe5 31. Nxb2 Rxe3 32. Kf2 Ra3 33. Nd3 1/2-1/2

[Event "Valenzano Citta di Bari op"]
[Site "Valenzano"]
[Date "2006.01.28"]
[Round "4"]
[White "Pizzuto, Samuele Tullio"]
[Black "Vespe, Francesco"]
[Result "1-0"]
[WhiteElo "2201"]
[BlackElo "2045"]
[PlyCount "87"]
[EventDate "2006.01.21"]
[EventType "swiss"]
[EventRounds "6"]
[EventCountry "ITA"]
[SourceTitle "EXT 2007"]
[Source "ChessBase"]
[SourceDate "2006.11.23"]
[SourceVersion "1"]
[SourceVersionDate "2006.11.23"]
[SourceQuality "1"]

1. d4 Nf6 2. Nc3 d5 3. Bg5 Nbd7 4. e3 g6 5. f4 Bg7 6. Bd3 c5 7. Nf3 Qb6 8. Rb1 0-0 9. 0-0 Re8 10. Bxf6 Nxf6 11. Na4 Qe6 12. Ne5 c4 13. Be2 b5 14. Nc5 Qd6 15. Bf3 Nd7 16. Nexd7 Bxd7 17. c3 f5 18. a4 Rab8 19. b3 cxb3 20. Qxb3 e6 21. Nxd7 Qxd7 22. axb5 Rb6 23. c4 Reb8 24. cxd5 Rxb5 25. dxe6 Rxb3 26. exd7 Rxb1 27. d8Q+ Rxd8 28. Rxb1 Rd7 29. Rb5 Bf6 30. g4 fxg4 31. Bxg4 Rc7 32. Kf2 Bh4+ 33. Kf3 Kf7 34. Ra5 Be1 35. Ra6 h5 36. Be6+ Ke7 37. Bd5 Bd2 38. Rxg6 Rc3 39. Re6+ Kd7 40. f5 a5 41. f6 Rc8 42. f7 Bb4 43. Re8 a4 44. Be6+ 1-0

[Event "Bari op"]
[Site "Bari"]
[Date "2005.01.23"]
[Round "2"]
[White "De Toma, Francesco"]
[Black "Vespe, Francesco"]
[Result "0-1"]
[WhiteElo "1768"]
[BlackElo "2045"]
[PlyCount "84"]
[EventDate "2005.01.22"]
[EventType "swiss"]
[EventRounds "6"]
[EventCountry "ITA"]
[SourceTitle "EXT 2007"]
[Source "ChessBase"]
[SourceDate "2006.11.23"]
[SourceVersion "1"]
[SourceVersionDate "2006.11.23"]
[SourceQuality "1"]

1. e4 e6 2. d3 d5 3. Nd2 c5 4. Ngf3 Nc6 5. g3 Nf6 6. Bg2 Be7 7. 0-0 0-0 8. c3 e5 9. Qc2 b5 10. Re1 d4 11. c4 b4 12. Nh4 Qc7 13. Nf5 g6 14. Nxe7+ Qxe7 15. Nf3 Kg7 16. Nxe5 Qxe5 17. Bf4 Qe6 18. e5 Nh5 19. Bd5 Qe8 20. Bg5 Be6 21. Qd2 Kh8 22. f4 Qd7 23. Qg2 Rac8 24. Bf3 Bg4 25. Bd5 Ne7 26. Bh6 Ng7 27. Bf3 Bxf3 28. Qxf3 Nef5 29. Bg5 h6 30. Bf6 Kh7 31. g4 Ne3 32. Rxe3 dxe3 33. Qh3 Qxd3 34. Bg5 h5 35. f5 Qe2 36. Bxe3 Qxg4+ 37. Qxg4 hxg4 38. fxg6+ Kxg6 39. Rd1 Nf5 40. Bf4 Rfd8 41. Rd5 Rxd5 42. cxd5 c4 0-1

[Event "Bari op"]
[Site "Bari"]
[Date "2004.??.??"]
[Round "4"]
[White "Vespe, Francesco"]
[Black "Tommaselli, Giacomo"]
[Result "1-0"]
[WhiteElo "1865"]
[BlackElo "2015"]
[PlyCount "105"]
[EventDate "2004.??.??"]
[EventType "swiss"]
[EventRounds "6"]
[EventCountry "ITA"]
[SourceTitle "EXT 2007"]
[Source "ChessBase"]
[SourceDate "2006.11.23"]
[SourceVersion "1"]
[SourceVersionDate "2006.11.23"]
[SourceQuality "1"]

1. d4 Nf6 2. c4 e6 3. Nf3 b6 4. g3 Bb4+ 5. Bd2 Bxd2+ 6. Nbxd2 Bb7 7. Bg2 0-0 8. 0-0 d5 9. Rc1 a5 10. Re1 Ne4 11. a3 Na6 12. e3 c5 13. h4 h6 14. Nxe4 dxe4 15. Ne5 Qc7 16. Qg4 f5 17. Qf4 Rad8 18. Red1 Rd6 19. Ng6 Rfd8 20. Qe5 Qd7 21. Nf4 cxd4 22. exd4 Nc5 23. b4 axb4 24. axb4 Nb3 25. c5 bxc5 26. bxc5 Rxd4 27. Rxd4 Nxd4 28. Rb1 Bc8 29. Rb6 Qa7 30. Rd6 Qa1+ 31. Kh2 Nf3+ 32. Bxf3 Qxe5 33. Rxd8+ Kh7 34. Rh8+ Kxh8 35. Ng6+ Kg8 36. Nxe5 exf3 37. Nxf3 Kf8 38. Ne5 Ke7 39. Kg2 Kd8 40. Kf3 Kc7 41. Ke3 Bb7 42. f4 Bg2 43. Kd4 Bd5 44. Ng6 Kd7 45. Ke5 Kc6 46. Nf8 Kxc5 47. Nxe6+ Kc6 48. Nxg7 Bf3 49. Kxf5 Kd7 50. Kg6 Ke7 51. Kxh6 Kf7 52. Nf5 Kf6 53. Ne3 1-0

[Event "Bari op"]
[Site "Bari"]
[Date "2003.01.18"]
[Round "1"]
[White "Vespe, Francesco"]
[Black "Campanile, Antonio"]
[Result "1/2-1/2"]
[WhiteElo "1849"]
[BlackElo "2180"]
[PlyCount "30"]
[EventDate "2003.01.18"]
[EventType "swiss"]
[EventRounds "6"]
[EventCountry "ITA"]
[SourceTitle "EXT 2023"]
[Source "ChessBase"]
[SourceDate "2022.10.05"]
[SourceVersion "1"]
[SourceVersionDate "2022.10.05"]
[SourceQuality "1"]

1. d4 f5 2. c4 Nf6 3. Nc3 g6 4. Bg5 Bg7 5. Bxf6 exf6 6. e4 fxe4 7. f3 exf3 8. Nxf3 0-0 9. Be2 Nc6 10. 0-0 d6 11. h3 Bh6 12. a3 a5 13. Kh1 Ne7 14. Bd3 Nf5 15. Re1 c6 1/2-1/2

[Event "SEMI Slav Czech System theme corr"]
[Site "SEMI email"]
[Date "1999.??.??"]
[Round "?"]
[White "Caressa, Marco"]
[Black "Vespe, Francesco"]
[Result "0-1"]
[WhiteElo "1916"]
[BlackElo "2005"]
[PlyCount "42"]
[EventDate "1999.03.22"]
[EventType "tourn (corr)"]
[EventRounds "6"]
[EventCountry "ITA"]
[SourceTitle "Corr 2008"]
[Source "ChessBase"]
[SourceDate "2008.06.24"]
[SourceVersion "1"]
[SourceVersionDate "2008.06.24"]
[SourceQuality "1"]

1. d4 d5 2. c4 c6 3. Nf3 Nf6 4. Nc3 dxc4 5. a4 Bf5 6. Ne5 e6 7. f3 Bb4 8. e4 Bxe4 9. fxe4 Nxe4 10. Bd2 Qxd4 11. Nxe4 Qxe4+ 12. Qe2 Bxd2+ 13. Kxd2 Qd5+ 14. Kc3 0-0 15. Nxc4 b5 16. Ne5 a5 17. Kc2 Na6 18. axb5 Nb4+ 19. Kc1 cxb5 20. Ra3 Rfd8 21. Nd3 Qc4+ 0-1

[Event "SEMI Slav Czech System theme corr"]
[Site "SEMI email"]
[Date "1999.??.??"]
[Round "?"]
[White "Piermattei, Massimiliano"]
[Black "Vespe, Francesco"]
[Result "0-1"]
[WhiteElo "1600"]
[BlackElo "2005"]
[PlyCount "68"]
[EventDate "1999.03.22"]
[EventType "tourn (corr)"]
[EventRounds "6"]
[EventCountry "ITA"]
[SourceTitle "Corr 2008"]
[Source "ChessBase"]
[SourceDate "2008.06.24"]
[SourceVersion "1"]
[SourceVersionDate "2008.06.24"]
[SourceQuality "1"]

1. d4 d5 2. c4 c6 3. Nf3 Nf6 4. Nc3 dxc4 5. a4 Bf5 6. Ne5 e6 7. f3 Bb4 8. e4 Bxe4 9. fxe4 Nxe4 10. Bd2 Qxd4 11. Nxe4 Qxe4+ 12. Qe2 Bxd2+ 13. Kxd2 Qd5+ 14. Kc2 Na6 15. Nxc4 0-0-0 16. Qe3 Qf5+ 17. Kc3 Nc5 18. Be2 Qf6+ 19. Kb4 Rd5 20. Rhd1 Rhd8 21. Rxd5 Rxd5 22. Ka3 Qe7 23. b4 Na6 24. Rb1 c5 25. b5 Nb4 26. Qc3 Qg5 27. g3 Kc7 28. Rc1 b6 29. h4 Qh6 30. g4 f6 31. a5 Qf4 32. h5 Qf2 33. Qb2 Nd3 34. Bxd3 Rxd3+ 0-1

[Event "SEMI Slav Czech System theme corr"]
[Site "SEMI email"]
[Date "1999.??.??"]
[Round "?"]
[White "Vespe, Francesco"]
[Black "Perez, Giorgio"]
[Result "1-0"]
[WhiteElo "2005"]
[BlackElo "1921"]
[PlyCount "95"]
[EventDate "1999.03.22"]
[EventType "tourn (corr)"]
[EventRounds "6"]
[EventCountry "ITA"]
[SourceTitle "Corr 2008"]
[Source "ChessBase"]
[SourceDate "2008.06.24"]
[SourceVersion "1"]
[SourceVersionDate "2008.06.24"]
[SourceQuality "1"]

1. d4 d5 2. c4 c6 3. Nf3 Nf6 4. Nc3 dxc4 5. a4 Bf5 6. Ne5 e6 7. f3 Bb4 8. e4 Bxe4 9. fxe4 Nxe4 10. Bd2 Qxd4 11. Nxe4 Qxe4+ 12. Qe2 Bxd2+ 13. Kxd2 Qd5+ 14. Kc2 Na6 15. Nxc4 0-0-0 16. Qe3 Qf5+ 17. Kb3 Qc5 18. Qxc5 Nxc5+ 19. Ka3 Rd5 20. Be2 Rhd8 21. Rad1 f6 22. Rxd5 exd5 23. Nd2 Re8 24. Bf3 Kd7 25. Rc1 Nd3 26. Rc3 Ne1 27. Nb3 Nxf3 28. Rxf3 Re2 29. Rg3 g6 30. Nc5+ Kc7 31. h4 b6 32. Nd3 Kd6 33. h5 g5 34. Rf3 Ke6 35. g4 c5 36. a5 d4 37. axb6 axb6 38. Kb3 Re4 39. Rg3 Kd5 40. Ka4 Re3 41. Rxe3 dxe3 42. Kb5 Ke4 43. Ne1 Kf4 44. Kxb6 Kxg4 45. Kxc5 f5 46. b4 f4 47. Kd4 Kf5 48. h6 1-0